Obrońcy - nagła śmierć - Statystyki

Ogólne statystyki
  • Ten quiz został rozwiązany 66 razy
  • Średni wynik to 11 z 14
Answers on the Grid
Answers color-coded by a green-red scale on the quiz's grid according to % correct below.
Luis Suárez
Steven Gerrard
Paolo Maldini
Cafu
Bastian Schweinsteiger
Sergio Ramos
Emiliano Martínez
Philipp Lahm
Carles Puyol
Didier Drogba
Alessandro Nesta
Yaya Touré
Fabio Cannavaro
Bobby Moore
Jan Oblak
Virgil van Dijk
Rúben Dias
Xavi Hernández
Kamil Glik
Karim Benzema
Roberto Carlos
Victor Valdés
Wayne Rooney
Edinson Cavani
Franco Baresi
Bruno Fernandes
Franz Beckenbauer
Martin Ødegaard
 
Statystyki odpowiedzi
Odpowiedź % Poprawnych
Sergio Ramos
100%
Paolo Maldini
96%
Carles Puyol
93%
Philipp Lahm
89%
Cafu
86%
Kamil Glik
79%
Roberto Carlos
75%
Virgil van Dijk
75%
Alessandro Nesta
71%
Fabio Cannavaro
68%
Rúben Dias
68%
Bobby Moore
64%
Franz Beckenbauer
64%
Franco Baresi
61%
Nie znaleziono quizów pasujących do podanych kryteriów
Rozkład punktacji
Procent ludzi z każdym wynikiem
Percentyl według liczby udzielonych odpowiedzi
Twoja historia wyników
Nie rozwiązałeś tego quizu